Statistiques concernant Russie les régions - Pouvez vous nommez les subdivisions de Russie ?

Cliquez ici pour prendre le quiz!

Statistiques générales

  • Ce quiz a été pris 171 fois
  • Le résultat moyen est 21 sur 83

Réponses sur la Carte

Les réponses sont colorées sur une échelle allant du rouge au vert en fonction du pourcentage des utilisateurs qui les ont devinées à leur premier essai. Vous pouvez retrouver ces pourcentages ci-dessous.
 

Statistiques - réponses

SubdivisionsRépublique de russie% Correct
OblastsMoscou
91%
Ville FédéraleMoscou
91%
Ville FédéraleSaint-Pétersbourg
79%
RépubliqueTchétchénie
72%
OblastsKaliningrad
56%
RépubliqueDaghestan
50%
OblastsMourmansk
47%
OblastsVolgograd
44%
RépubliqueCarélie
42%
KraïsKraï de Krasnodar
40%
OblastsNijni Novgorod
40%
RépubliqueRépublique de Sakha
40%
OblastsRostov
40%
RépubliqueOssétie du Nord-Alanie
39%
OblastsNovgorod
35%
OblastsOmsk
33%
OblastsAmour
32%
OblastsIrkoutsk
32%
KraïsKraï de Perm
32%
OblastsLéningrad
31%
OblastsSakhaline
31%
RépubliqueIngouchie
30%
KraïsKraï du Kamtchatka
30%
RépubliqueAltaï
29%
OblastsBelgorod
29%
KraïsKraï de l'Altaï
29%
OblastsNovossibirsk
29%
RépubliqueTatarstan
28%
OblastsSmolensk
27%
OblastsKoursk
26%
OblastsSamara
25%
OblastsTomsk
25%
OblastsVladimir
24%
OblastsBriansk
23%
OblastsAstrakhan
22%
OblastsTver
22%
OblastsArkhangelsk
21%
OblastsPskov
21%
OblastsVoronej
21%
RépubliqueKomis
20%
OblastsTcheliabinsk
20%
RépubliqueKalmoukie
19%
OblastsSaratov
19%
OblastsMagadan
18%
Okroug autonomeNénétsie
18%
RépubliqueTouva
18%
RépubliqueAdyguée
17%
RépubliqueBachkirie
17%
OblastsIaroslavl
17%
RépubliqueKabardino-Balkarie
17%
RépubliqueMordovie
17%
OblastsOrenbourg
17%
RépubliqueOudmourtie
17%
Okroug autonomeTchoukotka
17%
RépubliqueTchouvachie
17%
OblastsToula
17%
RépubliqueKaratchaïévo-Tcherkessie
16%
KraïsKraï de Stavropol
16%
KraïsKraï de Transbaïkalie
16%
KraïsKraï du Primorie
16%
RépubliqueMaris
16%
OblastsOrel
16%
RépubliqueBouriatie
15%
Okroug autonomeIamalie
15%
OblastsKalouga
15%
RépubliqueKhakassie
14%
OblastsKostroma
14%
OblastsVologda
14%
OblastsIvanovo
13%
OblastsKirov
13%
Oblast AutonomeOblast autonome juif
13%
OblastsPenza
13%
OblastsRiazan
13%
OblastsTambov
13%
OblastsKemerovo
12%
OblastsLipetsk
12%
OblastsSverdlovsk
12%
OblastsTioumen
12%
OblastsOulianovsk
11%
OblastsKourgan
10%
Okroug autonomeKhantys-Mansis
7%
KraïsKraï de Khabarovsk
7%
KraïsKraï de Krasnoïarsk
7%

Distribution des résultats

Percentile par nombre de réponses

% des personnes avec chaque résultat

Votre développement - résultats

Vous n’avez pas pris ce quiz